South Eastern Kenya University

Library Online Public Access Catalogue


Challenges to international waters : (Record no. 3769)

MARC details
000 -LEADER
fixed length control field 01140cam a22002657a 4500
020 ## - ISBN
International Standard Book Number 9189584473
020 ## - ISBN
International Standard Book Number 9789189584471
050 00 - LIBRARY OF CONGRESS CALL NUMBER
Classification Number GC1085
Item Number .C47 2006
245 00 - TITLE
Title Challenges to international waters :
Remainder of title regional assessments in a global perspective /
Statement of responsibility, etc Global International Waters Assessment.
260 ## - PUBLICATION, DISTRIBUTION, ETC.(IMPRINT)
Place of publication, distribution, etc Nairobi, Kenya :
Name of publisher, distributor, etc United Nations Environment Programme,
Date of publication, distribution, etc 2006.
300 ## - PHYSICAL DESCRIPTION
Extent 120 p. :
500 ## - GENERALNOTE
General note "The GIWA final report."
500 ## - GENERALNOTE
General note "Published by the United Nations Environment Programme in collaboration with GEF, the University of Kalmar, and the Municipality of Kalmar, Sweden, and the Governments of Sweden, Finland and Norway"--T.p. verso.
650 #0 - SUBJECT--TOPIC
General subdivision Pollution.
650 #0 - SUBJECT--TOPIC
General subdivision International cooperation.
650 #0 - SUBJECT--TOPIC
General subdivision International cooperation.
650 #0 - SUBJECT--TOPIC
Topical term following geographic name as entry element Marine pollution.
650 #0 - SUBJECT--TOPIC
Topical term following geographic name as entry element Water
Form subdivision Pollution.
650 #0 - SUBJECT--TOPIC
General subdivision Conservation.
650 #0 - SUBJECT--TOPIC
Topical term following geographic name as entry element Environmental protection
Form subdivision International cooperation.
856 41 - URL/ELECTRONIC LOCATION AND ACCESS
Uniform Resource Identifier <a href="http://bibpurl.oclc.org/web/17480">http://bibpurl.oclc.org/web/17480</a>
856 41 - URL/ELECTRONIC LOCATION AND ACCESS
Uniform Resource Identifier <a href="http://www.giwa.net/publications/finalreport/">http://www.giwa.net/publications/finalreport/</a>
856 41 - URL/ELECTRONIC LOCATION AND ACCESS
Uniform Resource Identifier <a href="http://www.loc.gov/catdir/toc/fy0801/2007380914.html">http://www.loc.gov/catdir/toc/fy0801/2007380914.html</a>
942 ## - ADDED ENTRY ELEMENTS(KOHA)
Koha item type General circulation
Holdings
Source of classification or shelving scheme Not for loan Location (home branch) Sublocation (holding branch) Date accessioned Source of acquisition Full call number Barcode Copy number Koha item type Public note Shelving location
Library of Congress Classification   Main Campus Library Main Campus Library 29/10/2014 Purchase GC1085 .C47 2006 2016/011952 C. 1 General circulation LWG  
Library of Congress Classification   Main Campus Library Main Campus Library 06/12/2016 Purchase GC1085 .C47 2006 2016/011953   General circulation   Non-fiction
Kitui, Kenya.
+254736116989
library@seku.ac.ke